'A' in Science Quiz Stats

 Plays Quiz Updated Apr 28, 2017

Support Sporcle.
Go Orange.
Score 0/20 Timer 05:00
32 Plays Today
Question Answer % Correct
What Solar System bodies could one encounter in the 'Belt' between Mars and Jupiter?Asteroids
89.2%
What is the layer of gases surrounding a massive body called?Atmosphere
81.9%
Named after a person in Greek Mythology, what tendon attaches the calf muscle to the heel bone?Achilles Tendon
77.8%
At what theoretical temperature is entropy at its minimum value?Absolute Zero
71.1%
What is the time-derivative of velocity?Acceleration
68.6%
What is the surname of the French physicist after whom the SI unit for electric current is named?Ampère
62.7%
What is the thirteenth element on the Periodic Table of Elements?Aluminum
61.4%
What is the term for a substance used to kill or slow the growth of bacteria?Antibiotic
61.4%
What type of respiration is used primarily by prokaryotes in areas devoid of oxygen?Anaerobic
60.3%
What is calculated using the magnitude of the distance between the extrema of a wave?Amplitude
54.5%
Question Answer % Correct
Whose constant is used to define a mole at 6.022 x 1023 particles?Avogadro
49.5%
What eye defect in which the eye's curvature is irregular can result in blurred vision?Astigmatism
45.3%
Which Greek scientist has a namesake Screw, Claw, and Heat Ray?Archimedes
43.6%
What genus of Protozoa is characterized by a single large pseudopod?Amoeba
42.9%
The positron is an example of what, having the same mass but opposite electric charge as an electron?Antiparticle
32.9%
What kind of hydrocarbon has at least one carbon-carbon double bond?Alkene
32.1%
What animal phylum encompasses crustaceans, arachnids, and insects?Arthropoda
31.6%
What light results from the collision of energetic particles with atoms in the thermosphere?Aurora
31.2%
What is the term for a hole through which light is able to travel?Aperture
27%
What is the unit for one ten-billionth of a meter?Ångström
24.4%

From the Vault

Super Science Bunker

by bazmerelda

Science 7m
We learned our chemistry from Breaking Bad. That should get us through this quiz, right?
Remove Ads.
Support Sporcle.
Get the best of Sporcle when you Go Orange. This ad-free experience offers more features, more stats, and more fun while also helping to support Sporcle. Thank you for becoming a member.

Show Comments

Extras

Top Quizzes Today


Score Distribution

Your Account Isn't Verified!

In order to create a playlist on Sporcle, you need to verify the email address you used during registration. Go to your Sporcle Settings to finish the process.

Report this User

Report this user for behavior that violates our Community Guidelines.

Details: